header

The globalization of news (Record no. 89045)

MARC details
000 -LEADER
fixed length control field 01471nam a2200361 a 4500
082 04 - DEWEY DECIMAL CLASSIFICATION NUMBER
Classification number 070.4/35
245 04 - TITLE STATEMENT
Title The globalization of news
260 ## - PUBLICATION, DISTRIBUTION, ETC. (IMPRINT)
Place of publication London ;
-- Thousand Oaks :
Name of publisher Sage Publications,
Year of publication 1998.
300 ## - PHYSICAL DESCRIPTION
Number of Pages 230 p. :
Other physical details ill.
505 0# - FORMATTED CONTENTS NOTE
Formatted contents note pt. 1. News agencies as agents of globalization -- pt. 2. News agencies in the furnace of political transition -- pt. 3. Defining news : contestation and construction.
650 #0 - SUBJECT ADDED ENTRY--TOPICAL TERM
Topical Term News agencies.
Topical Term Foreign news.
700 1# - ADDED ENTRY--PERSONAL NAME
Personal name Boyd-Barrett, Oliver.
Personal name Rantanen, Terhi.
856 40 - ELECTRONIC LOCATION AND ACCESS
Uniform Resource Identifier http://site.ebrary.com/lib/rucke/Doc?id=10392799

No items available.

© 2026 Rongo University
Contact us: librarian | system librarian | Rongo university